Speical educator's tool kit (Record no. 1390592)

MARC details
000 -LEADER
fixed length control field 00640nam a2200217Ia 4500
005 - DATE AND TIME OF LATEST TRANSACTION
control field 20250508164705.0
008 - FIXED-LENGTH DATA ELEMENTS--GENERAL INFORMATION
fixed length control field 008 250505s9999 xx 000 0 eng d
020 ## - INTERNATIONAL STANDARD BOOK NUMBER
International Standard Book Number 978-1-4129-6069-4
037 ## - SOURCE OF ACQUISITION
Stock number Textual
040 ## - CATALOGING SOURCE
Original cataloging agency FEDL
Language of cataloging eng
Transcribing agency FEDL
041 ## - LANGUAGE CODE
Language code of text/sound track or separate title eng
Source of code eng
084 ## - COLON CLASSIFICATION NUMBER
Classification number 371.9, BAR
Assigning agency FEDL
100 ## - MAIN ENTRY--PERSONAL NAME
Personal name Barratt Sarah J
9 (RLIN) 778870
245 #0 - TITLE STATEMENT
Title Speical educator's tool kit
260 ## - PUBLICATION, DISTRIBUTION, ETC.
Place of publication, distribution, etc. New Delhi, India
Name of publisher, distributor, etc. Sage Publications India Pvt Ltd
Date of publication, distribution, etc. 2008
300 ## - PHYSICAL DESCRIPTION
Extent xv,171p.
365 ## - TRADE PRICE
Price type code INR
Price amount 350
546 ## - LANGUAGE NOTE
Language note Acc. No. 93843 is gifted by prof. Salaja Chennat
942 ## - ADDED ENTRY ELEMENTS (KOHA)
Koha item type Textual
Classification part 371.9, BAR
Holdings
Withdrawn status Lost status Damaged status Not for loan Home library Current library Date acquired Cost, normal purchase price Total Checkouts Full call number Barcode Date last seen Price effective from Koha item type
        Department of Education Library Department of Education Library 2025-05-08 350.00   371.9, BAR EL0084218 2025-05-08 2025-05-08 Textual
Copyright @ Delhi University Library System